[Event "17th Petr Izmailov"]
[Site "Tomsk RUS"]
[Date "2013.06.17"]
[Round "7.21"]
[White "Petrukhina,I"]
[Black "Popov,Vladim2"]
[Result "1-0"]
[WhiteElo "2204"]
[BlackElo "2063"]

1.d4 d5 2.c4 Nc6 3.cxd5 Qxd5 4.Nf3 e5 5.Nc3 Bb4 6.Bd2 Bxc3 7.Bxc3 e4 8.Ne5 Nxe5
9.dxe5 Qxd1+ 10.Rxd1 Be6 11.g3 Ne7 12.Bg2 Bd5 13.O-O O-O-O 14.b4 e3 15.fxe3 Bxg2
16.Kxg2 Nd5 17.Bd4 Rd7 18.a3 Re8 19.Rd3 Red8 20.h4 b6 21.Kf3 h5 22.g4 hxg4+
23.Kxg4 c6 24.h5 Nc7 25.Rc1 Kb7 26.Rdc3 Nb5 27.Rxc6 Nxd4 28.exd4 Rxd4+ 29.Kf5 R8d7
30.R6c4 R4d5 31.Ke4 Rd2 32.Ke3 R2d5 33.Ke4 Rd2 34.Ke3 R2d5 35.Re4 f5 36.exf6 gxf6
37.Rh1 Rh7 38.h6 Rg5 39.Kf3 a5 40.Rg4 Rf5+ 41.Rf4 Rb5 42.Rxf6 axb4 43.axb4 Rxb4
44.Rg6 Rf7+ 45.Kg3 Rf8 46.h7 Rb3+ 47.Kg4 Rb4+ 48.Kg5 Rb5+ 49.Kh6 Rbf5 50.Rb1 b5
51.e4 Re5 52.Rg8 Rf6+ 53.Rg6 Rf4 54.h8=Q  1-0

[Event "8th Teplice Open 2013"]
[Site "Teplice CZE"]
[Date "2013.06.18"]
[Round "4.21"]
[White "Bures,J"]
[Black "Friml,A"]
[Result "1-0"]
[WhiteElo "2399"]
[BlackElo "2124"]

1.d4 d5 2.c4 Nc6 3.cxd5 Qxd5 4.e3 e5 5.Nc3 Bb4 6.Bd2 Bxc3 7.Bxc3 exd4 8.Ne2 Nf6
9.Nxd4 O-O 10.Nxc6 Qxc6 11.Rc1 Qe6 12.Qd4 b6 13.Bc4 c5 14.Qh4 Qf5 15.Rd1 h6
16.Bd3 Qg5 17.Bxf6 Qxf6 18.Qe4 g6 19.Qxa8 Bg4 20.Qe4 Bxd1 21.O-O Bh5 22.g4 Qg5
23.Be2 Rd8 24.Rd1 Rxd1+ 25.Bxd1 b5 26.Be2 f5 27.Qe8+ Kg7 28.h4 Qxh4 29.gxh5 gxh5
30.Qxb5 f4 31.Qd7+ Kh8 32.Qe8+ Kg7 33.Qe5+  1-0

[Event "66th ch-RUS HL"]
[Site "Yekaterinburg RUS"]
[Date "2013.06.20"]
[Round "1.12"]
[White "Khismatullin,D"]
[Black "Moiseenko,Va"]
[Result "1-0"]
[WhiteElo "2658"]
[BlackElo "2473"]

1.d4 d5 2.c4 Nc6 3.Nf3 Bg4 4.Nc3 e6 5.cxd5 exd5 6.Bf4 Bd6 7.Bg3 Bxf3 8.gxf3 Nge7
9.e3 h5 10.a3 h4 11.Bxd6 Qxd6 12.f4 g6 13.Bh3 Nd8 14.Qb3 c6 15.O-O-O b6 16.Kb1 f5
17.Na2 Ne6 18.Nb4 g5 19.fxg5 Nxg5 20.Bf1 Ne4 21.Qc2 Rg8 22.Nd3 O-O-O 23.Ne5 Rg7
24.f3 Ng5 25.Ba6+ Kc7 26.Rc1 Nf7 27.Nxc6 Nxc6 28.Bb5 Kb8 29.Qxc6 Qxc6 30.Rxc6 Nd6
31.Ba6 Rc7 32.Rhc1 Rxc6 33.Rxc6 f4 34.exf4 Nf5 35.Rc3 Nxd4 36.b4 Nf5 37.Kc1 d4
38.Rc6 d3 39.Re6 Nd4 40.Re3 Ne2+ 41.Kd2 Nxf4 42.Re7 Rf8 43.Rb7+ Ka8 44.Rh7 h3
45.Bb7+ Kb8 46.Be4 Rg8 47.Ke3 Rd8 48.Rb7+ Kc8 49.Rxa7 Rd6 50.Kxf4 d2 51.Bc2 Kb8
52.Rg7 d1=Q 53.Bxd1 Rxd1 54.Re7 Rg1 55.Rh7 Ra1 56.Rxh3 Rxa3 57.Rh4 Kc7 58.Kg3 Kd6
59.Rh6+ Kc7 60.Re6 Rb3 61.Re4  1-0

[Event "Caissa IM June 2013"]
[Site "Kecskemet HUN"]
[Date "2013.06.21"]
[Round "8.1"]
[White "Li Bo"]
[Black "Sean,W"]
[Result "1/2-1/2"]
[WhiteElo "2307"]
[BlackElo "2186"]

1.d4 d5 2.c4 Nc6 3.Nc3 dxc4 4.d5 Ne5 5.f4 Ng6 6.e4 c6 7.Bxc4 e6 8.Nf3 exd5
9.exd5 Nf6 10.dxc6 Qe7+ 11.Qe2 Qxe2+ 12.Kxe2 Bd6 13.cxb7 Bxb7 14.Bb5+ Ke7
15.f5 Nf4+ 16.Bxf4 Bxf4 17.Rad1 Rhd8 18.Rhe1 Kf8 19.Rxd8+ Rxd8 20.g3 Bc7
21.Rd1 Rxd1 22.Nxd1 Ng4 23.h3 Nf6 24.g4 Nd5  1/2-1/2

[Event "9th Prague Festival Open A"]
[Site "Prague CZE"]
[Date "2013.06.23"]
[Round "1.1"]
[White "Kociscak,J"]
[Black "Kovar,Jo"]
[Result "1-0"]
[WhiteElo "2407"]
[BlackElo "2077"]

1.d4 d5 2.c4 Nc6 3.Nf3 Bg4 4.Nc3 e6 5.e3 a6 6.Qb3 Bxf3 7.gxf3 Nf6 8.Bd2 Be7
9.c5 O-O 10.f4 b6 11.Qa4 b5 12.Qc2 Nh5 13.Ne2 Bh4 14.Ng3 Nf6 15.a4 Rb8 16.Bd3 Ne7
17.O-O c6 18.axb5 axb5 19.Ra7 Ra8 20.Rfa1 Rxa7 21.Rxa7 Nc8 22.Ba5 Qe8 23.Rc7 Ne7
24.Bb6 g6 25.Qc3 Ng4 26.Qa5 Qa8 27.Ra7 Qe8 28.Bc7 Nc8 29.Rb7 f5 30.Bd6 Nxd6
31.cxd6 Qd8 32.Qc7  1-0

[Event "Malaysian Masters Men 2013"]
[Site "Kuala Lumpur MAS"]
[Date "2013.06.24"]
[Round "5.2"]
[White "Lim,C"]
[Black "Liew Chee Meng Jimmy"]
[Result "1-0"]
[WhiteElo "2349"]
[BlackElo "2263"]

1.d4 d5 2.c4 Nc6 3.Nc3 Nf6 4.Nf3 dxc4 5.e4 Bg4 6.d5 Ne5 7.Bf4 Bxf3 8.gxf3 Nfd7
9.Bxe5 Nxe5 10.f4 Nd3+ 11.Bxd3 cxd3 12.Qxd3 Qd7 13.Qd4 Qg4 14.Qa4+ Qd7 15.Qd4 Qg4
16.Ne2 h5 17.Rg1 Qf3 18.Rc1 f5 19.Rxc7 Qxe4 20.Qxe4 fxe4 21.Rxb7 Rh6 22.Rg5 Ra6
23.a3 g6 24.Re5 Ra5 25.d6 Rxe5 26.d7+ Kf7 27.fxe5 Ke6 28.Nd4+ Kd5 29.Rc7  1-0

[Event "Malaysian Masters Men 2013"]
[Site "Kuala Lumpur MAS"]
[Date "2013.06.25"]
[Round "7.3"]
[White "Aron,Teh Eu Wen"]
[Black "Liew Chee Meng Jimmy"]
[Result "1-0"]
[WhiteElo "1981"]
[BlackElo "2263"]

1.d4 d5 2.c4 Nc6 3.Nc3 dxc4 4.d5 Ne5 5.f4 Ng4 6.h3 N4f6 7.e4 e6 8.dxe6 Qxd1+
9.Kxd1 Bxe6 10.f5 O-O-O+ 11.Bd2 Bd7 12.e5 Nd5 13.Nxd5 Ba4+ 14.Ke1 Rxd5 15.Nf3 Bb5
16.a4 Ba6 17.Bc3 Ne7 18.g4 Nc6 19.Rd1 Nb4 20.Ng5 Be7 21.Rxd5 Nxd5 22.Nxf7 Rf8
23.e6 Bf6 24.Bxf6 gxf6 25.Rh2 Ne3 26.Be2 Re8 27.Kd2 Nd5 28.Bf3 Nf4 29.Kc3 Nxe6
30.fxe6 Rxe6 31.Re2 Rb6 32.Be4 Rb3+ 33.Kc2 c6 34.a5 b6 35.Bf5+ Kc7 36.Re7+ Kb8
37.Nd8  1-0

[Event "III Marcel Duchamp Boca Jun Op"]
[Site "Buenos Aires ARG"]
[Date "2013.06.28"]
[Round "8.48"]
[White "Enciso,Franco"]
[Black "Alonso,Sergio"]
[Result "0-1"]
[WhiteElo "1569"]
[BlackElo "1526"]

1.d4 d5 2.c4 Nc6 3.Nf3 Bg4 4.e3 e5 5.Be2 Bxf3 6.Bxf3 dxc4 7.O-O Nf6 8.Nc3 Bd6
9.Bxc6+ bxc6 10.Qa4 Qd7 11.dxe5 Bxe5 12.Rd1 Qe6 13.Ne2 O-O 14.f4 Bd6 15.Qxc6 Rfe8
16.Nd4 Qg4 17.Bd2 Rab8 18.h3 Qh5 19.Qxc4 Rxb2 20.Bc3 Rxg2+ 21.Kxg2 Rxe3 22.Rd3 Qxh3+
23.Kg1 Ng4  0-1

[Event "TCh-MNE Prem 2013"]
[Site "Cetinje MNE"]
[Date "2013.06.30"]
[Round "7.2"]
[White "Blagojevic,Dr"]
[Black "Miladinovic,I"]
[Result "0-1"]
[WhiteElo "2524"]
[BlackElo "2556"]

1.d4 d5 2.c4 Nc6 3.Nf3 Bg4 4.cxd5 Bxf3 5.gxf3 Qxd5 6.e3 e5 7.Nc3 Bb4 8.Bd2 Bxc3
9.bxc3 Qd6 10.Bg2 Nge7 11.f4 exf4 12.e4 Rd8 13.h4 O-O 14.Rb1 b6 15.Rh3 Na5
16.Qc1 c5 17.Bxf4 Qe6 18.Be3 f5 19.dxc5 Nc4 20.cxb6 axb6 21.Bd4 fxe4 22.Rg3 Nf5
23.Bh3 Ne5 24.Bxf5 Rxf5 25.Rxb6 Qxa2 26.Qb1 Nf3+ 27.Rxf3 Qxb1+ 28.Rxb1 exf3
29.Kd2 Rd7 30.Rg1 h5 31.Kd3 Kh7 32.Ke4 g6 33.Ra1 Kg8 34.Be3 Rc7 35.Rc1 Rc4+
36.Kd3 Rxh4 37.c4 Kf7 38.Ra1 Rg4 39.Ra7+ Ke6 40.Ra6+ Kd7 41.Ra7+ Kc6 42.Ra6+ Kb7
43.Ra7+ Kb8 44.Bb6 h4 45.c5 Rb4 46.Rg7 h3 47.Rg8+ Kb7 48.Rg7+ Kc8 49.Rxg6 Rh5
50.Rg8+ Kb7 51.Rg7+ Kc6 52.Rg6+ Kb5 53.Rg1 h2 54.Rh1 Kc6 55.Ke3 Rg4  0-1

[Event "2nd Arberopen 2013"]
[Site "Bayerisch Eisenstein GER"]
[Date "2013.07.01"]
[Round "3.5"]
[White "Haba,P"]
[Black "Schuette,Mar"]
[Result "1-0"]
[WhiteElo "2522"]
[BlackElo "2207"]

1.d4 d5 2.c4 Nc6 3.cxd5 Qxd5 4.e3 e5 5.Nc3 Bb4 6.a3 Bxc3+ 7.bxc3 b6 8.c4 Qd6
9.d5 Na5 10.Bb2 Nf6 11.Nf3 Nd7 12.Be2 f6 13.O-O Nc5 14.a4 Nab7 15.Ba3 a5
16.Nd4 O-O 17.Nb5 Qd8 18.f4 exf4 19.exf4 Bd7 20.Bg4 Rf7 21.Re1 Bxg4 22.Qxg4 Nxa4
23.f5 Nac5 24.Re6 Nd3 25.Rd1 Nbc5 26.Qd4 Nb4 27.Bxb4 axb4 28.d6 c6 29.Nc7 Rxc7
30.dxc7 Qxc7 31.Re2 b3 32.Rde1 Qd7 33.Qg4 Qf7 34.Re7 Qf8 35.Qe2 h6 36.h3 Kh7
37.Re6 Rd8 38.Kh1 Rd4 39.Qh5 Re4 40.R6xe4 Nxe4 41.Rxe4 b2 42.Qd1 Qb4 43.Qb1 Qd2
44.Re1 c5 45.Qe4 Qc1 46.Kh2 Qd2 47.h4 b5 48.cxb5 c4 49.b6 Qd6+ 50.Kh3 Qxb6
51.Qg4 Qc5 52.Re8 Qa3+ 53.g3  1-0

[Event "2nd Arberopen 2013"]
[Site "Bayerisch Eisenstein GER"]
[Date "2013.07.03"]
[Round "5.14"]
[White "De Andres Gonalons,F"]
[Black "Closhen,I"]
[Result "1-0"]
[WhiteElo "2099"]
[BlackElo "1987"]

1.d4 d5 2.c4 Nc6 3.Nf3 Bg4 4.cxd5 Bxf3 5.dxc6 Bxc6 6.Nc3 Nf6 7.f3 e6 8.e4 Bb4
9.Be3 Nxe4 10.fxe4 Qh4+ 11.Bf2 Qxe4+ 12.Qe2 Qg6 13.O-O-O O-O 14.Qd3 Qg5+
15.Qe3 Qa5 16.Kb1 Rfe8 17.Bd3 f5 18.Bc2 Rad8 19.Bb3 Bd7 20.Bg3 Bc8 21.Be5 a6
22.Qg3 Rd7 23.Rhf1 g6 24.Rxf5 Bxc3 25.bxc3 Rd6 26.Rf6  1-0

[Event "Avoin SM 2013"]
[Site "Naantali FIN"]
[Date "2013.07.03"]
[Round "4.2"]
[White "Lehto,Antti"]
[Black "Hurme,H"]
[Result "1-0"]
[WhiteElo "2145"]
[BlackElo "2196"]

1.d4 d5 2.c4 Nc6 3.Nc3 dxc4 4.d5 Ne5 5.Qd4 Ng6 6.Qxc4 a6 7.Nf3 e6 8.Ng5 exd5
9.Nxd5 Bd6 10.Nb6 Ne5 11.Qa4+ Bd7 12.Nxd7 Qxd7 13.Qxd7+ Kxd7 14.Bd2 h6 15.Ne4 f5
16.Nxd6 cxd6 17.g3 Nf6 18.Bh3 Ke6 19.O-O Ne4 20.Be3 Rac8 21.Rfc1 Rc6 22.Bg2 d5
23.Bd4 Rg8 24.f3 Nf6 25.Rc3 Rxc3 26.Bxc3 Nc6 27.e3 g5 28.Rd1 Nd7 29.e4 Nb6
30.Bh3 dxe4 31.fxe4 g4 32.exf5+ Kxf5 33.Rf1+ Ke6 34.Rf6+ Ke7 35.Bg2 Na4 36.Rxh6 Nxc3
37.bxc3 Ne5 38.Rh7+ Kf6 39.Rxb7 Rd8 40.Rb6+ Kf5 41.Rxa6 Rd1+ 42.Kf2 Rd2+
43.Kf1 Rc2 44.Ra4 Rc1+ 45.Kf2 Rc2+ 46.Kg1 Rc1+ 47.Bf1 Rc2 48.Rf4+ Kg5 49.h4+ Kh6
50.Bg2 Rxc3 51.Re4 Rc5 52.Re1 Ra5 53.Re2 Kg6 54.Be4+ Kf6 55.Kf2 Ra3 56.Kg2 Nc4
57.Kf2 Ne5 58.Bb1 Nc4 59.Be4 Ne5 60.Bd5 Rd3 61.Bb3 Rf3+ 62.Kg2 Rc3 63.Rf2+ Ke7
64.Rf5 Kd6 65.h5 Rc7 66.h6 Rh7 67.Rh5 Nd7 68.Bg8 Rh8 69.h7 Ke7 70.Rf5  1-0

[Event "36th Barbera Open"]
[Site "Barbera del Valles ESP"]
[Date "2013.07.04"]
[Round "1.8"]
[White "Avila Jimenez,J"]
[Black "Perez Mitjans,O"]
[Result "0-1"]
[WhiteElo "2242"]
[BlackElo "2495"]

1.d4 d5 2.c4 Nc6 3.Nc3 Nf6 4.Nf3 e6 5.Bg5 Bb4 6.e3 h6 7.Bh4 g5 8.Bg3 Ne4
9.Qc2 h5 10.h4 g4 11.Nd2 Bxc3 12.bxc3 Nxg3 13.fxg3 Qd6 14.O-O-O f5 15.Bd3 Ne7
16.c5 Qd8 17.Nb3 Bd7 18.Qf2 a5 19.Kd2 b6 20.cxb6 cxb6 21.Qf4 Rc8 22.Rb1 Ng6
23.Qg5 Qxg5 24.hxg5 Kf7 25.Nc1 h4 26.Ne2 hxg3 27.Nxg3 Rxh1 28.Rxh1 Rh8 29.Rxh8 Nxh8
30.Nh5 Kg6 31.Nf4+ Kxg5 32.g3 b5 33.a3 Nf7 34.Kc2 Kf6 35.Nh5+ Ke7 36.Nf4 Bc6
37.Ng6+ Kf6 38.Nf4 e5 39.dxe5+ Nxe5 40.Be2 Nc4 41.Bxc4 dxc4 42.Kd2 Ke5 43.Ke2 Be8
44.Ng2 Ke4 45.Nf4 Bf7 46.Ng2 b4 47.cxb4 axb4 48.axb4 c3 49.Nh4 Bb3 50.b5 Bc4+
51.Kd1 Bxb5 52.Kc2 Bd7 53.Kxc3 Kxe3 54.Ng6 Kf2  0-1

[Event "2nd Arberopen 2013"]
[Site "Bayerisch Eisenstein GER"]
[Date "2013.07.04"]
[Round "6.2"]
[White "Epishin,V"]
[Black "Karpatchev,A"]
[Result "1-0"]
[WhiteElo "2602"]
[BlackElo "2484"]

1.d4 d5 2.c4 Nc6 3.Nf3 Bg4 4.Nc3 e6 5.cxd5 exd5 6.a3 Bxf3 7.gxf3 Qh4 8.e3 O-O-O
9.f4 Nf6 10.Qf3 Kb8 11.Qg3 Qh5 12.Qg5 Qg6 13.Qxg6 hxg6 14.Bd3 Bd6 15.Ne2 Ne7
16.Ng1 Ne4 17.Nf3 f6 18.Nd2 c5 19.Bxe4 dxe4 20.dxc5 Bxc5 21.Nxe4 Bb6 22.Bd2 Rh4
23.Rd1 g5 24.Bb4 Rxd1+ 25.Kxd1 Nd5 26.Bd6+ Kc8 27.Rg1 gxf4 28.exf4 f5 29.Nc3 Nxc3+
30.bxc3 Kd7 31.Be5 Rxh2 32.Rxg7+ Kc6 33.Kc2 Rxf2+ 34.Kb3 Be3 35.Rc7+ Kb6
36.Rf7 Kc6 37.Rxf5 b5 38.c4 a6 39.Rf6+ Kb7 40.cxb5 axb5 41.Kb4 Bc1 42.Rf7+ Ka8
43.Kxb5 Bxf4 44.Rf8+ Kb7 45.Bxf4 Rb2+ 46.Ka5 Re2 47.Rf7+ Ka8 48.Rf8+ Kb7
49.Rf5  1-0

[Event "2nd Arberopen 2013"]
[Site "Bayerisch Eisenstein GER"]
[Date "2013.07.05"]
[Round "7.12"]
[White "Furman,Bo"]
[Black "Closhen,I"]
[Result "1/2-1/2"]
[WhiteElo "2198"]
[BlackElo "1987"]

1.d4 d5 2.c4 Nc6 3.Nc3 dxc4 4.Nf3 Bg4 5.d5 Bxf3 6.exf3 Ne5 7.Bf4 Ng6 8.Bxc4 Nf6
9.Bg3 a6 10.a4 Qd7 11.Ne4 Nh5 12.Nc3 Qc8 13.Qd4 Nxg3 14.hxg3 b6 15.Ne4 Qf5
16.f4 Rd8 17.Qd3 e6 18.Bxa6 Bb4+ 19.Nc3 Qxd5 20.O-O-O Qxd3 21.Rxd3 O-O 22.Rhd1 Be7
23.Rd7 Bd6 24.Rxd8 Rxd8 25.Nb5 Kf8 26.Nxd6 Rxd6 27.Bd3 Ne7 28.Kc2 Nd5 29.Kb3 h6
30.Be4 Ke7 31.Bf3 c5 32.f5 Nc7 33.Rxd6 Kxd6 34.fxe6 Nxe6 35.Kc4 Nc7 36.Bh5 g6
37.Bf3 f5 38.Bb7 Ne6 39.Bd5 Nc7 40.Bf7 g5 41.f4 Kc6 42.Bg6 Nd5 43.Be8+ Kd6
44.Bf7 Ne3+ 45.Kb5 Kc7 46.fxg5 hxg5 47.Bg6 Nxg2 48.Bxf5 Ne3 49.Bd3 Nd1 50.a5 bxa5
51.Kxc5 Nf2 52.Bf5 g4 53.Kd4 Nh1 54.Bxg4 Nxg3 55.Ke3 Kb6 56.Kf3 Nf1 57.Ke2 Ng3+  1/2-1/2

[Event "FSIM July 2013"]
[Site "Budapest HUN"]
[Date "2013.07.06"]
[Round "1.2"]
[White "Jia,H"]
[Black "Sean,W"]
[Result "0-1"]
[WhiteElo "2340"]
[BlackElo "2259"]

1.d4 d5 2.c4 Nc6 3.Nf3 Bg4 4.e3 e6 5.Nc3 Nf6 6.Qb3 Bxf3 7.gxf3 a6 8.f4 Bb4
9.Bg2 O-O 10.Bd2 Re8 11.O-O a5 12.Rfd1 a4 13.Qc2 a3 14.bxa3 Bxa3 15.Rab1 Bf8
16.cxd5 exd5 17.Rxb7 Na5 18.Rbb1 c6 19.Bf1 Bd6 20.Na4 Ne4 21.h3 Nxf2 22.Kxf2 Qh4+
23.Kg2 Re6 24.Be1 Qh5 25.Qe2 Qg6+ 26.Kh1 Nc4 27.Nb6 Nxe3 28.Nxa8 Qe4+ 29.Kg1 Qxf4
30.Rd2 Rg6+ 31.Kh1 Qe4+ 32.Bg2 Rxg2 33.Qxg2 Nxg2  0-1

[Event "St. Pauli Open 2013"]
[Site "Hamburg GER"]
[Date "2013.07.06"]
[Round "1.54"]
[White "Martirosyan,Tigran"]
[Black "Nachtkamp,H"]
[Result "1/2-1/2"]
[WhiteElo "1865"]
[BlackElo "2086"]

1.d4 d5 2.c4 Nc6 3.Nf3 Bg4 4.e3 e6 5.Be2 Nf6 6.Nc3 Bb4 7.O-O O-O 8.Bd2 dxc4
9.Ne5 Nxe5 10.dxe5 Bxe2 11.Qxe2 Bxc3 12.Bxc3 Nd5 13.Qxc4  1/2-1/2

[Event "2nd Arberopen 2013"]
[Site "Bayerisch Eisenstein GER"]
[Date "2013.07.07"]
[Round "9.7"]
[White "Furman,Bo"]
[Black "Schuette,Mar"]
[Result "1-0"]
[WhiteElo "2198"]
[BlackElo "2207"]

1.d4 d5 2.c4 Nc6 3.Nc3 Nf6 4.Nf3 dxc4 5.e4 Bg4 6.d5 Ne5 7.Bf4 Bxf3 8.gxf3 Nfd7
9.Be3 e6 10.dxe6 fxe6 11.f4 Nd3+ 12.Bxd3 cxd3 13.Qxd3 Nc5 14.Qc4 Qd3 15.Qxd3 Nxd3+
16.Ke2 Nc5 17.Rac1 b6 18.Nb5 O-O-O 19.b4 Na6 20.Nxa7+ Kb7 21.Nc6 Ra8 22.a3 g6
23.Rhd1 Rg8 24.Nd8+ Ka7 25.Nxe6 Bd6 26.e5 Rge8 27.Nd4 Bf8 28.Nb5+ Kb8 29.Rd7 Re7
30.Rd8+ Kb7 31.Rxa8 Kxa8 32.Bxb6 Kb7 33.Be3 g5 34.Nd4 gxf4 35.Bxf4 Rf7 36.Ne6 c6  1-0

[Event "11th Niki Open 2013"]
[Site "Nachod CZE"]
[Date "2013.07.07"]
[Round "9.23"]
[White "Michel,L"]
[Black "Gogela,Jan"]
[Result "0-1"]
[WhiteElo "1865"]
[BlackElo "1957"]

1.d4 d5 2.c4 Nc6 3.Nc3 e6 4.Nf3 Nf6 5.Bg5 Be7 6.e3 a6 7.Rc1 O-O 8.Be2 Ne4
9.Nxe4 dxe4 10.Bxe7 Qxe7 11.Nd2 f5 12.O-O Qg5 13.Re1 e5 14.d5 Ne7 15.Bf1 Ng6
16.g3 h5 17.Bg2 h4 18.Kh1 Qh6 19.h3 hxg3 20.fxg3 f4 21.exf4 Bxh3 22.Kg1 Bxg2
23.Kxg2 e3 24.Nf3 Nxf4+ 25.gxf4 Qxf4 26.Nh2 Qe4+ 27.Kg1 Rf6  0-1

[Event "St. Pauli Open 2013"]
[Site "Hamburg GER"]
[Date "2013.07.08"]
[Round "3.22"]
[White "Sturm,Timo"]
[Black "Scheerer,C"]
[Result "0-1"]
[WhiteElo "2035"]
[BlackElo "2373"]

1.d4 d5 2.c4 Nc6 3.Nf3 Bg4 4.Nc3 e6 5.cxd5 exd5 6.Bf4 Bb4 7.e3 Nge7 8.Bd3 Bd6
9.Bg3 f5 10.Bh4 Qd7 11.Bxe7 Nxe7 12.Qb3 Bxf3 13.gxf3 c6 14.Rg1 O-O 15.O-O-O Bxh2
16.Rg2 Bd6 17.Rdg1 Rf7 18.e4 Bf4+ 19.Kb1 g6 20.e5 Bh6 21.Ne2 Qc7 22.Rh1 Bf8
23.Nf4 Qb6 24.Qc3 Rc8 25.Nh5 Bg7 26.e6 Rff8 27.Nxg7 Kxg7 28.Qd2 f4 29.Rgh2 h5
30.Bc2 Rf6 31.Rh4 Qc7 32.Qd3 Rh8 33.Qf1 Qd6 34.Qg1 Rxe6 35.Rxh5 Rxh5 36.Rxh5 Qb4
37.Re5 Kf7 38.a3 Qxd4 39.Bxg6+ Nxg6 40.Rxe6 Qd3+  0-1

[Event "23rd Heart of FIN"]
[Site "Jyvaskyla FIN"]
[Date "2013.07.08"]
[Round "1.5"]
[White "Gavrilov,Al1"]
[Black "Osmolny,V"]
[Result "1-0"]
[WhiteElo "2452"]
[BlackElo "2213"]

1.d4 d5 2.c4 Nc6 3.Nc3 dxc4 4.Nf3 Nf6 5.Bg5 Nd5 6.e4 Nxc3 7.bxc3 Na5 8.Bxc4 Nxc4
9.Qa4+ c6 10.Qxc4 Be6 11.Qe2 f6 12.Be3 Qa5 13.O-O Bg4 14.h3 Bd7 15.c4 e6
16.Rab1 Qc7 17.e5 Kf7 18.d5 exd5 19.Bf4 Be6 20.cxd5 cxd5 21.Rfc1 Bc5 22.Rxc5 Qxc5
23.Rxb7+ Ke8 24.exf6 Qc8 25.f7+  1-0

[Event "St. Pauli Open 2013"]
[Site "Hamburg GER"]
[Date "2013.07.09"]
[Round "4.27"]
[White "Baberz,Alexander"]
[Black "Porth,H"]
[Result "1/2-1/2"]
[WhiteElo "1835"]
[BlackElo "2208"]

1.d4 d5 2.c4 Nc6 3.Nc3 dxc4 4.d5 Ne5 5.e4 e6 6.f4 Nd3+ 7.Bxd3 cxd3 8.Qxd3 exd5
9.Qxd5 c6 10.Qxd8+ Kxd8 11.Be3 Bb4 12.Bd4 Nf6 13.O-O-O Ke8 14.Nf3 Bg4 15.Rd3 Rd8
16.Ne5 Bxc3 17.bxc3 Be6 18.Bxa7 Rxd3 19.Nxd3 Bxa2 20.Nc5 Ke7 21.Kb2 Bc4 22.Nxb7 Nxe4
23.Re1 f5 24.Nc5 Kf7 25.Nxe4 fxe4 26.Rxe4 Bd5 27.Rb4 Bxg2 28.Rb7+ Kg6 29.Bd4 Rg8
30.Be5  1/2-1/2

[Event "6th ch-Cent SRB Int 2013"]
[Site "Paracin SRB"]
[Date "2013.07.09"]
[Round "5.1"]
[White "Ulibin,M"]
[Black "Miladinovic,I"]
[Result "1/2-1/2"]
[WhiteElo "2529"]
[BlackElo "2558"]

1.d4 d5 2.c4 Nc6 3.cxd5 Qxd5 4.e3 e5 5.Nc3 Bb4 6.Bd2 Bxc3 7.Bxc3 exd4 8.Ne2 Nf6
9.Nxd4 O-O 10.Qb3 Nxd4 11.Qxd5 Nc2+ 12.Kd2 Nxd5 13.Kxc2 Bf5+ 14.Bd3 Bxd3+
15.Kxd3 Nxc3 16.Kxc3 Rfd8 17.Rad1 Kf8 18.e4 h5 19.f4 Ke7 20.g3 Ke6 21.a3  1/2-1/2

[Event "ch-BEL Open 2013"]
[Site "Antwerp BEL"]
[Date "2013.07.14"]
[Round "9.7"]
[White "Lacrosse,M"]
[Black "Schuermans,R"]
[Result "1-0"]
[WhiteElo "2199"]
[BlackElo "2127"]

1.d4 d5 2.c4 Nc6 3.Nc3 dxc4 4.Nf3 Nf6 5.d5 Na5 6.Qa4+ c6 7.b4 b5 8.Qxa5 Qxa5
9.bxa5 b4 10.dxc6 bxc3 11.e3 g6 12.Bxc4 Bg7 13.Ba3 O-O 14.Bxe7 Re8 15.Bc5 Ne4
16.Bd4 Bxd4 17.Nxd4 Nd2 18.Bb5 a6 19.Ba4 Re5 20.Rc1 Ne4 21.Bc2 Nd6 22.Bb3 Rc5
23.O-O Bf5 24.Rfd1 Nb5 25.f3 Rb8 26.g4 Bc8 27.Rd3 h5 28.Nxb5 axb5 29.Rcxc3 Rxc3
30.Rxc3 hxg4 31.Rd3 gxf3 32.Rd8+ Kg7 33.c7 Ra8 34.Bd5 Rxa5 35.Rxc8 b4 36.Rd8  1-0

[Event "Czech Open G1 Rapid 2013"]
[Site "Pardubice CZE"]
[Date "2013.07.17"]
[Round "3.8"]
[White "Neverov,V"]
[Black "Plat,V"]
[Result "1-0"]
[WhiteElo "2492"]
[BlackElo "2447"]

1.d4 d5 2.c4 Nc6 3.cxd5 Qxd5 4.Nf3 e5 5.Nc3 Bb4 6.Bd2 Bxc3 7.Bxc3 e4 8.Ne5 Nxe5
9.dxe5 Qxd1+ 10.Rxd1 Be6 11.a3 Ne7 12.g3 Bb3 13.Rd2 e3 14.fxe3 Bd5 15.Rg1 O-O-O
16.Bh3+ Be6 17.Bxe6+ fxe6 18.e4 Rxd2 19.Kxd2 Rf8 20.Bb4 Rd8+ 21.Ke3 Nc6 22.Bc3 Rf8
23.Rd1 Rf7 24.h4 Ne7 25.h5 g5 26.h6 g4 27.Rh1 Ng6 28.b4 Kd7 29.Bd4 Rf8 30.Rd1 Kc8
31.a4 b6 32.b5 Kb7 33.Bc3 Kc8 34.a5 bxa5 35.Ra1 Kb7 36.Rxa5 Kb6 37.Ra6+ Kxb5
38.Rxe6 Rg8 39.Rf6 Nf8 40.e6 Kc5 41.e7 Nd7 42.Bd4+ Kb5 43.Rf7 c5 44.Ba1 Kc6
45.Rxh7  1-0

[Event "Czech Open G1 Rapid 2013"]
[Site "Pardubice CZE"]
[Date "2013.07.18"]
[Round "7.3"]
[White "Bryzgalin,K"]
[Black "Plat,V"]
[Result "1-0"]
[WhiteElo "2470"]
[BlackElo "2447"]

1.d4 d5 2.c4 Nc6 3.cxd5 Qxd5 4.e3 e5 5.Nc3 Bb4 6.Bd2 Bxc3 7.bxc3 Nf6 8.Nf3 Bg4
9.h3 Bxf3 10.Qxf3 Qxf3 11.gxf3 exd4 12.cxd4 O-O-O 13.Rg1 Rhe8 14.Be2 g6 15.Kf1 Nd5
16.Rc1 f5 17.f4 Re6 18.Bc4 Red6 19.Kg2 Re8 20.Rge1 a6 21.Bb3 Nf6 22.f3 h6
23.h4 Re7 24.Kf2 b5 25.Rc2 Kb7 26.Rb1 Rg7 27.Rbc1 Na7 28.Bb4 Rd8 29.Ba5 Ne8
30.e4 fxe4 31.fxe4 Re7 32.Ke3 Nc8 33.Rc5 Nb6 34.Re5 Rg7 35.Re6 Nc4+ 36.Bxc4 bxc4
37.Rxc4 Nd6 38.Rc5 g5 39.hxg5 hxg5 40.fxg5 Rh8 41.Rh6 Re8 42.e5 Nf5+ 43.Ke4 Nxh6
44.gxh6 Rh7 45.Bd2 Rg8 46.Bf4 Rg2 47.e6 Rxa2 48.Kf5 Rf2 49.Re5 Rxh6 50.e7 Rh5+
51.Kg4 Rh8 52.e8=Q Rxe8 53.Rxe8 Kc6 54.Re5 Rc2 55.Kf3 Rc4 56.Ke4 Kd7 57.Ra5 Rc6
58.Be5 Kc8 59.Kd5 Rh6 60.Ra2 Kb7 61.Rb2+ Kc8 62.Kc5 Rg6 63.Rh2 Kb7 64.d5 Rg5
65.Bc3 Rg3 66.Rb2+ Kc8 67.Bd4 Rh3 68.Rf2 Rh1 69.Kc6 Rh6+ 70.Rf6 Rh8 71.Bc5 a5
72.Rf7 Rh6+ 73.d6 cxd6 74.Rf8+  1-0

[Event "28th Avoine Open"]
[Site "Avoine FRA"]
[Date "2013.07.20"]
[Round "1.10"]
[White "Hirth,J"]
[Black "Braeuning,R"]
[Result "0-1"]
[WhiteElo "2079"]
[BlackElo "2385"]

1.d4 d5 2.c4 Nc6 3.Nf3 Bg4 4.Nc3 Nf6 5.cxd5 Nxd5 6.e4 Nxc3 7.bxc3 e5 8.d5 Nb8
9.Qa4+ Nd7 10.Nxe5 Qf6 11.f4 Bc5 12.Rb1 O-O 13.Nxg4 Qh4+ 14.g3 Qxg4 15.Qd1 Qg6
16.Bd3 Rae8 17.Qf3 Qf6 18.Bd2 Ne5 19.Qe2 Nxd3+ 20.Qxd3 Qg6 21.Kd1 Rxe4 22.Kc2 b6
23.Rhe1 f5 24.Re2 Rfe8 25.Rbe1 R8e7 26.Qa6 h6 27.Kb2 Qh5 28.Rxe4 fxe4 29.Qc8+ Kh7
30.Be3 Qxd5 31.Bxc5 bxc5 32.Re2 Re6 33.g4 e3 34.Qf8 Rb6+ 35.Kc1 Qh1+ 36.Kc2 Qb1+  0-1

[Event "36th Taminco Open"]
[Site "Ghent BEL"]
[Date "2013.07.21"]
[Round "4.16"]
[White "Bezemer,A"]
[Black "Jansen,B"]
[Result "1-0"]
[WhiteElo "2292"]
[BlackElo "2088"]

1.d4 d5 2.c4 Nc6 3.Nc3 dxc4 4.Nf3 Nf6 5.Bg5 Bg4 6.d5 Bxf3 7.gxf3 Ne5 8.Qd4 Ng6
9.Qxc4 a6 10.Qb3 b5 11.a4 b4 12.Qxb4 e5 13.Qc4 Be7 14.Qc6+ Nd7 15.Bh3 Rb8
16.Bxe7 Nxe7 17.Qxa6 O-O 18.d6 Ng6 19.Qc6 Qg5 20.dxc7  1-0

[Event "28th Avoine Open"]
[Site "Avoine FRA"]
[Date "2013.07.22"]
[Round "3.26"]
[White "Masset,J"]
[Black "Bon,M"]
[Result "1-0"]
[WhiteElo "2053"]
[BlackElo "2344"]

1.d4 d5 2.c4 Nc6 3.Nc3 dxc4 4.Nf3 a6 5.d5 Nb8 6.e4 b5 7.a4 b4 8.Ne2 c6 9.Qc2 cxd5
10.exd5 Nf6 11.Nf4 g6 12.Bxc4 Bg7 13.a5 O-O 14.O-O Qd6 15.Qb3 Bb7 16.Ra4 Nbd7
17.Rxb4 Nc5 18.Qa2 Bh6 19.Rb6 Qc7 20.Ne6 fxe6 21.Bxh6 Rfd8 22.d6 Rxd6 23.b4 Nce4
24.Bxe6+ Kh8 25.Bf4 Nc3 26.Bxd6 exd6 27.Qd2 Bxf3 28.gxf3 d5 29.Kh1  1-0

[Event "15th TCh-Eur Senior"]
[Site "Dresden GER"]
[Date "2013.07.22"]
[Round "3"]
[White "Werner,Cle"]
[Black "Schuermans,R"]
[Result "1-0"]
[WhiteElo "2337"]
[BlackElo "2127"]

1.d4 d5 2.c4 Nc6 3.Nc3 dxc4 4.d5 Ne5 5.Nf3 Ng6 6.e4 e5 7.Bxc4 Nf6 8.Bb5+ Bd7
9.Qb3 Bd6 10.Bxd7+ Qxd7 11.Bg5 Nh5 12.Qa4 Nhf4 13.g3 Qxa4 14.Nxa4 Bb4+ 15.Kf1 Nd3
16.a3 Bd6 17.Ke2 b5 18.Nc3 Nxb2 19.Rhb1 Nc4 20.Nxb5 Kd7 21.Kd3 a6 22.Nxc7 Ra7
23.Kxc4 Rxc7+ 24.Kd3 Rhc8 25.Rc1 Rxc1 26.Bxc1 Rb8 27.Nd2 Ne7 28.Rb1 Rb5 29.a4 Ra5
30.Nc4 Rc5 31.Nxd6 Nxd5 32.Nc4 Nf6 33.Rb7+ Ke6 34.Rb6+ Kd7 35.Ba3  1-0

[Event "15th TCh-Eur Senior"]
[Site "Dresden GER"]
[Date "2013.07.22"]
[Round "3"]
[White "Seibt,M"]
[Black "Fleuch,HJ"]
[Result "1/2-1/2"]
[WhiteElo "2011"]
[BlackElo "2064"]

1.d4 d5 2.c4 Nc6 3.Nf3 Bg4 4.e3 e6 5.Nbd2 Nf6 6.Be2 Bd6 7.h3 Bh5 8.O-O O-O
9.a3 a5 10.b3 b6 11.Bb2 Ne7 12.Ne5 Bxe2 13.Qxe2 c5 14.f4 cxd4 15.exd4 Rc8
16.g4 Ng6 17.Rac1  1/2-1/2

[Event "28th Avoine Open"]
[Site "Avoine FRA"]
[Date "2013.07.24"]
[Round "5.38"]
[White "Lombart,P"]
[Black "Bon,M"]
[Result "0-1"]
[WhiteElo "1939"]
[BlackElo "2344"]

1.d4 d5 2.c4 Nc6 3.cxd5 Qxd5 4.Nf3 e5 5.e3 Bg4 6.Be2 exd4 7.exd4 Bxf3 8.Bxf3 Qc4
9.Bxc6+ Qxc6 10.O-O Bd6 11.Nc3 Ne7 12.Be3 O-O 13.Qd3 Rad8 14.Qe4 Qb6 15.Rab1 Rfe8
16.Qf3 Qb4 17.Ne4 Nd5 18.Kh1 c6 19.a3 Qb3 20.Ng5 Nf6 21.Qh3 Qd5 22.Nf3 Ne4
23.Nh4 Qh5 24.Nf5 Qxh3 25.gxh3 Bc7 26.Rg1 g6 27.f3 Nd6 28.Nh6+ Kg7 29.Ng4 h5
30.Ne5 Nf5 31.Bg5 Rxd4 32.f4 Re6 33.Nf3 Rd3 34.Nh4 Nxh4 35.Bxh4 Bxf4 36.Bg3 Bxg3
37.hxg3 Ree3  0-1